15 Random Asian Capitals on a Map - Statistics

General Stats
  • This quiz has been taken 109 times
  • The average score is 14 of 15
Answers on the Map
Answers color-coded by a green-red scale on the quiz's map according to % correct below.
 
Answer Stats
Capital % Correct
Abu Dhabi
100%
Amman
100%
Ankara
100%
Baku
100%
Bangkok
100%
Beijing
100%
Damascus
100%
Hanoi
100%
Islamabad
100%
Jerusalem
100%
Kabul
100%
Kathmandu
100%
Kuala Lumpur
100%
Kuwait City
100%
Malé
100%
Manila
100%
New Delhi
100%
Nicosia
100%
Nur Sultan
100%
Phnom Penh
100%
Riyadh
100%
Taipei
100%
Tashkent
100%
Tbilisi
100%
Tehran
100%
Tokyo
100%
Ulaanbaatar
100%
Bishkek
93%
Beirut
92%
Naypyidaw
92%
Seoul
92%
Baghdad
91%
Muscat
90%
Doha
89%
Sana'a
89%
Sri Jayawardenepura Kotte
89%
Dhaka
88%
Jakarta
88%
Pyongyang
88%
Thimphu
88%
Yerevan
88%
Dushanbe
83%
Singapore
83%
Vientiane
83%
Manama
80%
Dili
78%
Bandar Seri Begawan
73%
Ashgabat
69%
No matching quizzes found
Score Distribution
Percent of People with Each Score
Percentile by Number Answered
Your Score History
You have not taken this quiz